| 000 | 01024nmc a2200289 a 4500 | ||
|---|---|---|---|
| 003 | AR-BaBNM | ||
| 005 | 20251128205049.0 | ||
| 008 | 011101s1987 ||||||||||||||000 | spa|| | ||
| 020 | _a950-23-0363-6 | ||
| 040 | _cAR-BaBNM | ||
| 100 | 1 | _aRabossi, Eduardo | |
| 245 | 1 | 0 | _aLa carta internacional de derechos humanos |
| 250 | _a1ª ed. | ||
| 260 |
_aBuenos Aires _bEudeba _c1987 |
||
| 300 | 0 | _a132 p. | |
| 490 | 0 |
_aDerechos humanos. Temas y problemas _vv. 1 |
|
| 500 | 1 | _aContiene como documentos la Declaración Universal de Derechos Humanos, el Pacto Internacional de derechos económicos, sociales y culturales, el Pacto Internacional de los derechos civiles y políticos y la Proclamación de Teherán | |
| 650 | 4 | _aDERECHOS HUMANOS | |
| 650 | 4 | _aLEGISLACION | |
| 650 | 4 | _aDERECHOS CIVILES Y POLITICOS | |
| 650 | 4 | _aVIOLACION DE LOS DERECHOS HUMANOS | |
| 650 | 4 | _aDERECHO INTERNACIONAL | |
| 800 | 1 |
_aRabossi, Eduardo _edirector |
|
| 800 | 1 |
_aSabsay, Leonardo _edirector |
|
| 942 | _cBK | ||
| 998 | _cmariana | ||
| 999 |
_c9834 _d9834 |
||